[Event "Eger Osz op"]
[Site "Eger"]
[Date "2009.10.24"]
[Round "4"]
[White "Sipka, Zoltan"]
[Black "Valyi, Adel"]
[Result "1-0"]
[WhiteElo "1929"]
[BlackElo "1638"]
[PlyCount "85"]
[EventDate "2009.10.22"]
[EventType "swiss"]
[EventRounds "7"]
[EventCountry "HUN"]
[SourceTitle "EXT 2011"]
[Source "ChessBase"]
[SourceDate "2010.11.26"]
[SourceVersion "1"]
[SourceVersionDate "2010.11.26"]
[SourceQuality "1"]

1. d4 d6 2. e4 c6 3. f4 Nf6 4. Nc3 Bg4 5. Nf3 Qc7 6. Be2 Bxf3 7. Bxf3 e5 8. 0-0 Nbd7 9. Be3 Be7 10. Qd2 0-0 11. Be2 Rfe8 12. a4 Bf8 13. Bd3 Rad8 14. h3 h6 15. Qf2 Re7 16. a5 Rde8 17. dxe5 dxe5 18. Bxa7 Re6 19. f5 Rd6 20. Be3 Nh7 21. Qg3 Qd8 22. Rfd1 Qf6 23. Na4 Kh8 24. c4 Qd8 25. c5 Rf6 26. Bc4 Qc7 27. b4 Be7 28. Rd2 Rg8 29. Rad1 Nhf8 30. Qh4 Re6 31. Qh5 Rf6 32. Bxf7 Rxf7 33. Qxf7 Nf6 34. Qc4 N8d7 35. Nb6 Nxb6 36. cxb6 Qc8 37. Bc5 Bxc5+ 38. bxc5 Qa8 39. Ra2 Nh5 40. a6 Nf4 41. axb7 Qxb7 42. Ra7 Qb8 43. Rdd7 1-0

[Event "Eger Agria op"]
[Site "Eger"]
[Date "2009.07.24"]
[Round "5"]
[White "Sipka, Zoltan"]
[Black "Banyai, Miklos Jr"]
[Result "1-0"]
[WhiteElo "1936"]
[BlackElo "1731"]
[PlyCount "97"]
[EventDate "2009.07.22"]
[EventType "swiss"]
[EventRounds "7"]
[EventCountry "HUN"]
[SourceTitle "EXT 2011"]
[Source "ChessBase"]
[SourceDate "2010.11.26"]
[SourceVersion "1"]
[SourceVersionDate "2010.11.26"]
[SourceQuality "1"]

1. d4 d5 2. Nf3 Nf6 3. h3 e6 4. Bf4 Be7 5. e3 0-0 6. c4 c6 7. Nc3 Qa5 8. Bd3 dxc4 9. Bxc4 Ne4 10. Qc2 Nxc3 11. bxc3 b6 12. 0-0 Ba6 13. Bd3 Bxd3 14. Qxd3 Nd7 15. e4 Rad8 16. Bd2 Qa3 17. Qc2 Qa6 18. a4 Qb7 19. c4 a6 20. Rfb1 Nf6 21. Be3 b5 22. e5 Nd7 23. Qe4 Qa8 24. axb5 cxb5 25. Qxa8 Rxa8 26. cxb5 axb5 27. Rxa8 Rxa8 28. Rxb5 Bd8 29. d5 exd5 30. Rxd5 Nf8 31. Nd4 Bc7 32. f4 Re8 33. Kf2 g6 34. g4 Bb6 35. f5 Bc7 36. Nc6 h5 37. Kf3 hxg4+ 38. hxg4 gxf5 39. gxf5 Nh7 40. Kg4 Kg7 41. Bd4 Kf8 42. Rd7 Bb8 43. Rb7 Nf6+ 44. exf6 Bd6 45. Rd7 Ba3 46. Ne5 Kg8 47. Rxf7 Bf8 48. Rd7 Ra8 49. Ng6 1-0

[Event "Bader Memorial op"]
[Site "Heves"]
[Date "2009.03.28"]
[Round "4"]
[White "Kiraly, Ferenc"]
[Black "Sipka, Zoltan"]
[Result "0-1"]
[WhiteElo "2000"]
[BlackElo "1944"]
[PlyCount "84"]
[EventDate "2009.03.26"]
[EventType "swiss"]
[EventRounds "7"]
[EventCountry "HUN"]
[SourceTitle "EXT 2011"]
[Source "ChessBase"]
[SourceDate "2010.11.26"]
[SourceVersion "1"]
[SourceVersionDate "2010.11.26"]
[SourceQuality "1"]

1. e4 e6 2. Nc3 d5 3. exd5 exd5 4. d4 Nf6 5. Nf3 Be7 6. Bb5+ c6 7. Bd3 0-0 8. 0-0 Qb6 9. h3 h6 10. Ne2 Be6 11. c3 Nbd7 12. Ng3 Bd6 13. Nf5 Bxf5 14. Bxf5 Rfe8 15. b3 Qc7 16. Be3 Ne4 17. Rc1 Ndf6 18. Rc2 Ng3 19. Bd3 Nxf1 20. Kxf1 Ne4 21. Ng1 Ng3+ 22. Ke1 Bf4 23. Qf3 Bxe3 24. fxe3 Re7 25. Rf2 Rae8 26. Kd2 Rxe3 27. Qxe3 Rxe3 28. Kxe3 Qe7+ 29. Kd2 Ne4+ 30. Bxe4 dxe4 31. Rf4 Qg5 32. Ne2 Qxg2 33. h4 g5 34. hxg5 hxg5 35. Rf5 Kg7 36. c4 Kg6 37. Re5 Qf3 38. d5 cxd5 39. cxd5 Qd3+ 40. Ke1 e3 41. d6 Qd2+ 42. Kf1 Qd1+ 0-1

[Event "Bader Memorial op"]
[Site "Heves"]
[Date "2009.03.27"]
[Round "3"]
[White "Sipka, Zoltan"]
[Black "Hever, Janos"]
[Result "1/2-1/2"]
[WhiteElo "1944"]
[BlackElo "1841"]
[PlyCount "42"]
[EventDate "2009.03.26"]
[EventType "swiss"]
[EventRounds "7"]
[EventCountry "HUN"]
[SourceTitle "EXT 2011"]
[Source "ChessBase"]
[SourceDate "2010.11.26"]
[SourceVersion "1"]
[SourceVersionDate "2010.11.26"]
[SourceQuality "1"]

1. d4 Nf6 2. Nf3 d5 3. g3 Bf5 4. Bg2 e6 5. Nh4 Bd6 6. 0-0 0-0 7. Nxf5 exf5 8. Bg5 h6 9. Bxf6 Qxf6 10. Bxd5 c6 11. Bg2 Re8 12. c3 Nd7 13. Nd2 Nb6 14. e4 fxe4 15. Nxe4 Qd8 16. Nxd6 Qxd6 17. Qd3 Nd5 18. Rfe1 Nf6 19. Qd2 Rxe1+ 20. Rxe1 Re8 21. Rxe8+ Nxe8 1/2-1/2

[Event "Eger Tel op"]
[Site "Eger"]
[Date "2009.02.01"]
[Round "6"]
[White "Sipka, Zoltan"]
[Black "Paal, Andras"]
[Result "1/2-1/2"]
[WhiteElo "1944"]
[BlackElo "1810"]
[PlyCount "49"]
[EventDate "2009.01.29"]
[EventType "swiss"]
[EventRounds "7"]
[EventCountry "HUN"]
[SourceTitle "EXT 2011"]
[Source "ChessBase"]
[SourceDate "2010.11.26"]
[SourceVersion "1"]
[SourceVersionDate "2010.11.26"]
[SourceQuality "1"]

1. d4 d5 2. Nf3 Nf6 3. e3 Bf5 4. c4 e6 5. Qb3 b6 6. cxd5 Qxd5 7. Bc4 Qd8 8. Ne5 Bd6 9. Bb5+ Nbd7 10. Nc6 Qc8 11. 0-0 a6 12. Be2 Qb7 13. Nb4 a5 14. Nd3 0-0 15. f3 c5 16. e4 c4 17. Qxc4 Rac8 18. Qb3 Bxe4 19. fxe4 Qxe4 20. Qd1 Qxd4+ 21. Kh1 Rxc1 22. Nxc1 Qxb2 23. Nb3 a4 24. Qd2 Qe5 25. g3 1/2-1/2

[Event "Eger Tavasz op"]
[Site "Eger"]
[Date "2008.05.03"]
[Round "5"]
[White "Sipka, Zoltan"]
[Black "Karolyfalvi, Zoltan"]
[Result "0-1"]
[WhiteElo "1971"]
[BlackElo "2196"]
[PlyCount "94"]
[EventDate "2008.05.01"]
[EventType "swiss"]
[EventRounds "7"]
[EventCountry "HUN"]
[SourceTitle "EXT 2011"]
[Source "ChessBase"]
[SourceDate "2010.11.26"]
[SourceVersion "1"]
[SourceVersionDate "2010.11.26"]
[SourceQuality "1"]

1. d4 Nf6 2. Nf3 d5 3. g3 c6 4. Bg2 e6 5. 0-0 Bd6 6. Nbd2 Nbd7 7. c4 0-0 8. Qc2 e5 9. dxe5 Nxe5 10. Nxe5 Bxe5 11. Nf3 Bd6 12. Bg5 dxc4 13. Qxc4 Be6 14. Qc3 Be7 15. Nd4 Bd5 16. Nf5 Bxg2 17. Nxe7+ Qxe7 18. Bxf6 Qxf6 19. Qxf6 gxf6 20. Kxg2 Rad8 21. Rad1 Rfe8 22. e3 Kf8 23. Kf3 Ke7 24. Ke2 c5 25. Rxd8 Rxd8 26. Rc1 Rc8 27. Rc4 Rc6 28. Rh4 Rb6 29. b3 Ra6 30. a4 Rb6 31. Rc4 Kd6 32. Rc3 Rb4 33. Kd3 Kd5 34. f3 f5 35. Kc2 c4 36. bxc4+ Rxc4 37. Kb3 Rxc3+ 38. Kxc3 Kc5 39. h3 h5 40. h4 b5 41. axb5 Kxb5 42. Kb3 a5 43. e4 fxe4 44. fxe4 Kc5 45. Ka4 Kd4 46. g4 hxg4 47. h5 Ke5 0-1

[Event "Eger Tavasz op"]
[Site "Eger"]
[Date "2008.05.02"]
[Round "2"]
[White "Sipka, Zoltan"]
[Black "Balogh, Laszlo"]
[Result "0-1"]
[WhiteElo "1971"]
[BlackElo "2203"]
[PlyCount "57"]
[EventDate "2008.05.01"]
[EventType "swiss"]
[EventRounds "7"]
[EventCountry "HUN"]
[SourceTitle "EXT 2011"]
[Source "ChessBase"]
[SourceDate "2010.11.26"]
[SourceVersion "1"]
[SourceVersionDate "2010.11.26"]
[SourceQuality "1"]

1. d4 Nf6 2. Nf3 e6 3. g3 b6 4. Bg2 Bb7 5. 0-0 c5 6. Bg5 h6 7. Bxf6 Qxf6 8. c3 Be7 9. Nbd2 d5 10. Qc2 Nc6 11. e4 Qg6 12. Rac1 dxe4 13. Nxe4 cxd4 14. Nxd4 Nxd4 15. cxd4 0-0 16. Nc3 Qxc2 17. Rxc2 Bxg2 18. Kxg2 Rfd8 19. Rd1 Rac8 20. h4 Rd7 21. Rcd2 Rcd8 22. f4 Bf6 23. Ne2 Rc8 24. Nc3 Ra8 25. Ne2 Rad8 26. Kf3 g5 27. Ke4 Rc8 28. Nc3 gxf4 29. gxf4 0-1

[Event "Eger Tavasz op"]
[Site "Eger"]
[Date "2008.05.02"]
[Round "3"]
[White "Urhegyi, Marton"]
[Black "Sipka, Zoltan"]
[Result "0-1"]
[WhiteElo "1709"]
[BlackElo "1971"]
[PlyCount "42"]
[EventDate "2008.05.01"]
[EventType "swiss"]
[EventRounds "7"]
[EventCountry "HUN"]
[SourceTitle "EXT 2011"]
[Source "ChessBase"]
[SourceDate "2010.11.26"]
[SourceVersion "1"]
[SourceVersionDate "2010.11.26"]
[SourceQuality "1"]

1. e4 d5 2. exd5 Qxd5 3. Nc3 Qa5 4. Bc4 Nf6 5. d3 c6 6. Bd2 Qc7 7. Nf3 Bg4 8. 0-0 e6 9. h3 Bh5 10. Re1 Be7 11. Re3 Bc5 12. Re2 Bxf3 13. gxf3 Nbd7 14. Qf1 Ne5 15. Qg2 Nxc4 16. dxc4 0-0-0 17. Ne4 Be7 18. b4 Rd4 19. c5 Rhd8 20. Be3 Rd1+ 21. Rxd1 Rxd1+ 0-1

[Event "Eger Tel op"]
[Site "Eger"]
[Date "2008.01.27"]
[Round "7"]
[White "Sipka, Zoltan"]
[Black "Heidrich, Mate"]
[Result "1-0"]
[WhiteElo "1976"]
[BlackElo "1829"]
[PlyCount "55"]
[EventDate "2008.01.24"]
[EventType "swiss"]
[EventRounds "7"]
[EventCountry "HUN"]
[SourceTitle "EXT 2011"]
[Source "ChessBase"]
[SourceDate "2010.11.26"]
[SourceVersion "1"]
[SourceVersionDate "2010.11.26"]
[SourceQuality "1"]

1. d4 d5 2. Nf3 Nf6 3. c4 e6 4. Nc3 Be7 5. Bf4 0-0 6. e3 b6 7. Qc2 Bb7 8. cxd5 Bxd5 9. Nxd5 Nxd5 10. Bg3 Bd6 11. Bd3 Nb4 12. Bxh7+ Kh8 13. Qb1 g6 14. Bxg6 fxg6 15. Qxg6 Qf6 16. Qh5+ Kg7 17. 0-0 Rh8 18. Qg4+ Kf8 19. Ng5 Ke7 20. Ne4 Qh6 21. Nxd6 cxd6 22. Rac1 Nd7 23. a3 Na6 24. Rc6 Nf6 25. Bxd6+ Kd7 26. Qf3 Qg7 27. Be5 Qh7 28. Rd6+ 1-0

[Event "Balatonlelle op-B"]
[Site "Balatonlelle "]
[Date "2005.06.22"]
[Round "5"]
[White "Sipka, Zoltan"]
[Black "Szabo, Balazs"]
[Result "0-1"]
[WhiteElo "2098"]
[BlackElo "2177"]
[PlyCount "38"]
[EventDate "2005.06.18"]
[EventType "swiss"]
[EventRounds "9"]
[EventCountry "HUN"]
[SourceTitle "EXT 2008"]
[Source "ChessBase"]
[SourceDate "2007.11.25"]
[SourceVersion "1"]
[SourceVersionDate "2007.11.25"]
[SourceQuality "1"]

1. d4 Nf6 2. c4 g6 3. Nc3 Bg7 4. Nf3 d6 5. g3 0-0 6. Bg2 Nbd7 7. 0-0 e5 8. Bg5 h6 9. Bxf6 Bxf6 10. dxe5 dxe5 11. Qc2 Bg7 12. Rfd1 c6 13. Nh4 Qe7 14. Rd2 Nb6 15. b3 e4 16. Bf1 e3 17. Rdd1 exf2+ 18. Kxf2 Qf6+ 19. Nf3 Qxc3 0-1

[Event "Balatonlelle op-B"]
[Site "Balatonlelle "]
[Date "2005.06.19"]
[Round "2"]
[White "Baum, Bernd"]
[Black "Sipka, Zoltan"]
[Result "0-1"]
[WhiteElo "2171"]
[BlackElo "2098"]
[PlyCount "64"]
[EventDate "2005.06.18"]
[EventType "swiss"]
[EventRounds "9"]
[EventCountry "HUN"]
[SourceTitle "EXT 2008"]
[Source "ChessBase"]
[SourceDate "2007.11.25"]
[SourceVersion "1"]
[SourceVersionDate "2007.11.25"]
[SourceQuality "1"]

1. e4 d5 2. exd5 Qxd5 3. Nc3 Qd8 4. d4 Nf6 5. Bc4 c6 6. Nf3 Bf5 7. Ne5 e6 8. 0-0 Be7 9. g4 Bg6 10. h4 Nd5 11. Bxd5 cxd5 12. h5 f6 13. hxg6 fxe5 14. dxe5 hxg6 15. Qd3 Kf7 16. Qf3+ Ke8 17. Qd3 Kf7 18. Bf4 Nc6 19. Rad1 Bc5 20. Qf3 Ke8 21. Ne4 Nd4 22. Rxd4 Bxd4 23. Nd6+ Kd7 24. Rd1 Qb6 25. Bg3 Raf8 26. Qe2 Bxf2+ 27. Kg2 Bxg3 28. Kxg3 Rf2 29. Qd3 Rfh2 30. Kf4 Qf2+ 31. Kg5 Qh4+ 32. Kxg6 Qxg4+ 0-1

[Event "Gyongyos Matra Cup"]
[Site "Gyongyos"]
[Date "1999.??.??"]
[Round "7"]
[White "Lazar, Andras"]
[Black "Sipka, Zoltan"]
[Result "1-0"]
[WhiteElo "2100"]
[BlackElo "2045"]
[PlyCount "29"]
[EventDate "1999.??.??"]
[EventType "swiss"]
[EventRounds "9"]
[EventCountry "HUN"]
[SourceTitle "EXT 2000"]
[Source "ChessBase"]
[SourceDate "1999.11.16"]
[SourceVersion "1"]
[SourceVersionDate "1999.11.16"]
[SourceQuality "1"]

1. e4 d5 2. exd5 Qxd5 3. d4 Nf6 4. Nc3 Qd8 5. Bc4 c6 6. Nge2 Bf5 7. 0-0 e6 8. Re1 Bd6 9. Ng3 Bg6 10. d5 Bxg3 11. dxe6 Qxd1 12. exf7+ Kf8 13. Rxd1 Bc7 14. Bf4 Bb6 15. Bd6# 1-0

[Event "Gyongyos Matra Cup"]
[Site "Gyongyos"]
[Date "1999.??.??"]
[Round "8"]
[White "Sipka, Zoltan"]
[Black "Vereb, Andras"]
[Result "0-1"]
[WhiteElo "2045"]
[BlackElo "2085"]
[PlyCount "44"]
[EventDate "1999.??.??"]
[EventType "swiss"]
[EventRounds "9"]
[EventCountry "HUN"]
[SourceTitle "EXT 2000"]
[Source "ChessBase"]
[SourceDate "1999.11.16"]
[SourceVersion "1"]
[SourceVersionDate "1999.11.16"]
[SourceQuality "1"]

1. d4 Nf6 2. c4 e6 3. Nc3 Bb4 4. a3 Bxc3+ 5. bxc3 c5 6. e3 Nc6 7. Bd3 Qc7 8. Ne2 0-0 9. Qc2 d5 10. 0-0 b6 11. f3 dxc4 12. Bxc4 Na5 13. Bb3 Ba6 14. Re1 Rac8 15. Qa2 Rfd8 16. Nf4 Nxb3 17. Qxb3 e5 18. Qa4 exf4 19. Qxa6 cxd4 20. cxd4 Qc3 21. Qe2 Qxa1 22. exf4 Rxc1 0-1

[Event "Gyor Matrai Nyar op"]
[Site "Gyor"]
[Date "1997.??.??"]
[Round "1"]
[White "Dovzik, Juri"]
[Black "Sipka, Zoltan"]
[Result "1-0"]
[WhiteElo "2410"]
[BlackElo "2040"]
[PlyCount "45"]
[EventDate "1997.??.??"]
[EventType "swiss"]
[EventRounds "9"]
[EventCountry "HUN"]
[SourceTitle "EXT 2001"]
[Source "ChessBase"]
[SourceDate "2000.11.22"]
[SourceVersion "1"]
[SourceVersionDate "2000.11.22"]
[SourceQuality "1"]

1. e4 c5 2. Nf3 Nc6 3. d4 cxd4 4. Nxd4 e6 5. Nc3 a6 6. Be3 Bb4 7. Bd3 Nf6 8. 0-0 d5 9. exd5 Nxd5 10. Nxd5 Qxd5 11. Qg4 Bf8 12. Be4 Qd6 13. Nxc6 bxc6 14. Rad1 Qc7 15. Qg3 e5 16. f4 f5 17. Bd3 Bd6 18. Bc4 e4 19. Bd4 Bf8 20. Kh1 Qe7 21. Qb3 Qb7 22. Bb6 Be7 23. Bg8 1-0

[Event "Gyor Matrai Nyar op"]
[Site "Gyor"]
[Date "1997.??.??"]
[Round "3"]
[White "Ryjanova, Julia"]
[Black "Sipka, Zoltan"]
[Result "1-0"]
[WhiteElo "2250"]
[BlackElo "2040"]
[PlyCount "47"]
[EventDate "1997.??.??"]
[EventType "swiss"]
[EventRounds "9"]
[EventCountry "HUN"]
[SourceTitle "EXT 2001"]
[Source "ChessBase"]
[SourceDate "2000.11.22"]
[SourceVersion "1"]
[SourceVersionDate "2000.11.22"]
[SourceQuality "1"]

1. d4 d5 2. c4 e6 3. Nc3 Nf6 4. cxd5 exd5 5. Bg5 Nbd7 6. e3 Be7 7. Bd3 h6 8. Bf4 c6 9. h3 Nb6 10. Nf3 Bd6 11. Ne5 Qc7 12. 0-0 Be6 13. Rc1 a6 14. Qe2 Qe7 15. Bg3 0-0 16. f4 Nfd7 17. f5 Nxe5 18. dxe5 Bxe5 19. Bxe5 Bxf5 20. Rxf5 g6 21. Bf6 Qe6 22. Rf3 Nd7 23. Qf2 Rae8 24. Bf5 1-0